|
|
|
|
| LEADER |
01223nam a2200277 a 4500 |
| 001 |
12131306 |
| 008 |
100425s2001 enka bf 001 0deng d |
| 010 |
|
|
|a \\\00063002
|
| 020 |
|
|
|a 0521650941 (hardback)
|
| 020 |
|
|
|a 0521658810 (pbk.)
|
| 040 |
|
|
|a DLC
|c DLC
|d DLC
|d BD-DhAAL
|
| 082 |
0 |
0 |
|a 822.3/3
|2 21
|
| 245 |
0 |
4 |
|a The Cambridge companion to Shakespeare /
|c edited by Margreta de Grazia and Stanley Wells.
|
| 260 |
|
|
|a Cambridge ;
|a New York :
|b Cambridge University Press,
|c 2001.
|
| 300 |
|
|
|a xx, 328 p. :
|b ill. ;
|c 24 cm.
|
| 400 |
0 |
|
|a Cambridge companions to literature
|
| 504 |
|
|
|a Includes bibliographical references and index.
|
| 541 |
1 |
|
|e 00009286
|
| 600 |
1 |
0 |
|a Shakespeare, William,
|d 1564-1616
|v Handbooks, manuals, etc.
|
| 650 |
|
0 |
|a Dramatists, English
|y Early modern, 1500-1700
|v Biography
|v Handbooks, manuals, etc.
|
| 651 |
|
0 |
|a Stratford-upon-Avon (England)
|v Biography
|v Handbooks, manuals, etc.
|
| 700 |
1 |
|
|a De Grazia, Margreta.
|
| 700 |
1 |
|
|a Wells, Stanley W.,
|d 1930-
|
| 852 |
4 |
|
|a Ayesha Abed Library
|j General Shelf
|
| 999 |
|
|
|c 8227
|d 8227
|
| 952 |
|
|
|0 0
|1 0
|2 ddc
|4 0
|6 822_330000000000000_CAM_2001
|7 0
|9 9420
|a BRACUL
|b BRACUL
|c GEN
|d 2010-04-25
|l 6
|m 16
|o 822.33 CAM
|p 3010009286
|r 2025-08-24
|s 2019-03-06
|t 1
|w 2010-04-25
|y BK
|